The Lego Batman Movie (2017) Characters - Statistics

General Stats
  • This quiz has been taken 209 times
  • The average score is 11 of 28
Answer Stats
Hint Answer % Correct
Will Arnett Batman/ Bruce Wayne
99%
Michael Cera Robin/ Dick Grayson
93%
Zach Galifianakis Joker
89%
Rosario Dawson Batgirl/ Barbara Gordon
79%
Jenny Slate Harley Quinn
75%
Channing Tatum Superman/ Clark Kent
59%
Zoe Kravitz Catwoman
56%
Conan O'Brien The Riddler
56%
Ralph Fiennes Alfred Pennyworth
54%
Billy Dee Williams Two-Face
53%
Doug Benson Bane
51%
Jonah Hill Green Lantern/ Hal Jordan
44%
Eddie Izzard Voldemort
44%
Kate Micucci Clayface
43%
Jason Mantzoukas Scarecrow
35%
Jemaine Clement Sauron
34%
Adam Devine The Flash/ Barry Allen
32%
Hector Elizondo Jim Gordon
30%
Seth Green King Kong
26%
Siri 'Puter
23%
Ellie Kemper Phyllis
13%
Lauren White Chief O'Hara/ Medusa
11%
Mariah Carey Mayor McCaskill
9%
Todd Hansen Captain Dale
7%
Chris McKay Bill
5%
David Burrows Phil
5%
Laura Kightlinger Pippa
3%
Riki Lindhome Poisony Ivy
2%
No matching quizzes found
Score Distribution
Percent of People with Each Score
Percentile by Number Answered
Your Score History
You have not taken this quiz